000 00990cam a2200253 4500
001 WB3601-21
008 000000n2000 000 0 eng u
035 _a(Sirsi) u103387
245 4 _aThe Americans are coming
260 _c2000
490 _aSunday Times
_v2 January 2000, 4:11(1)
520 _aAmerican property brokers are planning to move into the UK residential market, hoping to transform estate agency. The American corporation Cendant, and its subsiduary, ERA Franchise Systems, already have extensive European operations, and aim to be a one-stop shop.
590 _aWB
650 _aHOUSING MARKET
650 _aRESIDENTIAL MARKET
650 _aESTATE AGENTS
650 _aPROPERTY-RESIDENTIAL PROPERTY-ACQUISITION AND DISPOSAL OF RESIDENTIAL PROPERTY
650 _aFRANCHISES
650 _aJOINT VENTURES
650 _aUNITED STATES
650 _aINTERNATIONAL COMPANIES
690 _aPROPERTY-RESIDENTIAL PROPERTY-RESIDENTIAL PROPERTY MARKET
942 _n0
999 _c62131
_d62131